| 000 | 00702nac a22002051u 4500 | ||
|---|---|---|---|
| 010 | _a 90012234 | ||
| 020 | _a0534136443 | ||
| 082 | 0 | 0 |
_a303.483 _bWES |
| 090 |
_c7584 _d7584 |
||
| 100 | _aWestrum, Ron, | ||
| 245 | 1 | 0 |
_aTechnologies & society : _bthe shaping of people and things / _cRon Westrum. |
| 260 |
_aBelmont, Calif. : _bWadsworth Pub. Co.,1991 _cc1991. |
||
| 300 |
_axix, 394 p. : _bill. ; _c24 cm. |
||
| 500 | _adistributer: Al-Ahram | ||
| 504 | _aIncludes bibliographical references and index. | ||
| 511 | _acatalogued by: wessam | ||
| 650 | 0 |
_aTechnology _xSocial aspects. |
|
| 740 | 0 | _aTechnologies and society. | |
| 942 |
_cBB _k303.483WES |
||
| 999 |
_c7584 _d7584 |
||